Planning and design for high-tech web-based training (E-Book) (Record no. 192282)
[ view plain ]
| 000 -LEADER | |
|---|---|
| fixed length control field | 00935 a2200217 4500 |
| 003 - CONTROL NUMBER IDENTIFIER | |
| control field | Nust |
| 005 - DATE AND TIME OF LATEST TRANSACTION | |
| control field | 20170207154034.0 |
| 020 ## - INTERNATIONAL STANDARD BOOK NUMBER | |
| International Standard Book Number | 1-58053-315-9 : |
| 040 ## - CATALOGING SOURCE | |
| Transcribing agency | Nust |
| 082 04 - DEWEY DECIMAL CLASSIFICATION NUMBER | |
| Classification number | 658.3124028546 |
| 100 1# - MAIN ENTRY--PERSONAL NAME | |
| Personal name | Stone, David E. |
| 245 00 - TITLE STATEMENT | |
| Title | Planning and design for high-tech web-based training (E-Book) |
| Statement of responsibility, etc. | David E. Stone, Constance L. Koskinen |
| 260 ## - PUBLICATION, DISTRIBUTION, ETC. | |
| Place of publication, distribution, etc. | Boston, Mass. : |
| Name of publisher, distributor, etc. | Artech House, |
| Date of publication, distribution, etc. | cop. 2002 |
| 300 ## - PHYSICAL DESCRIPTION | |
| Extent | xx, 239 s. : |
| Other physical details | ill. |
| 490 0# - SERIES STATEMENT | |
| Series statement | Artech House technology management and professional development library |
| 505 ## - FORMATTED CONTENTS NOTE | |
| Formatted contents note | Part 1 Phase 1: The analysis (Page-1) Part II Phase 2: Strategic planning (Page-41) Part III Phase 3: WBT development (Page-97) Part IV Phase 4: WBT deployment (Page-147) Part V Postproduction (Page-167) Part VI The future (Page-193) |
| 650 #7 - SUBJECT ADDED ENTRY--TOPICAL TERM | |
| Topical term or geographic name entry element | Employees |
| General subdivision | Training of |
| -- | Computer network resources |
| 650 #7 - SUBJECT ADDED ENTRY--TOPICAL TERM | |
| Topical term or geographic name entry element | Internet in education |
| 651 ## - SUBJECT ADDED ENTRY--GEOGRAPHIC NAME | |
| Geographic name | (E-Book) |
| 700 1# - ADDED ENTRY--PERSONAL NAME | |
| Personal name | Koskinen, Constance L. |
| Relator code | aut |
| 942 ## - ADDED ENTRY ELEMENTS (KOHA) | |
| Source of classification or shelving scheme | |
| Koha item type | Book |
| Withdrawn status | Lost status | Source of classification or shelving scheme | Damaged status | Not for loan | Collection code | Permanent Location | Current Location | Date acquired | Total Checkouts | Full call number | Barcode | Date last seen | Price effective from | Koha item type |
|---|---|---|---|---|---|---|---|---|---|---|---|---|---|---|
| Military College of Signals (MCS) | Military College of Signals (MCS) | 12/12/2016 | 658.3124028546 | MCSEB-1422 | 12/08/2016 | 12/12/2016 | Book |
